000 00802nam a22001937a 4500
999 _c63090
_d63090
003 Ge_BSU
005 20250602101700.0
008 250602s2024 ge ||||| |||| 00| 0 geo d
020 _a9789941865930
041 _ageo
080 _a32(100) შ-85
100 _aშპენგლერი, ოსვალდ
_925199
245 _aგადაწყვეტილებათა წლები /
_c ოსვალდ შპენგლერი; მთარგმნელი ნუგზარ კუჭუხიძე.
264 _aთბილისი :
_bაქტი,
_c 2024.
300 _a110 გვ. ;
_b17 სმ.
653 _aპოლიტიკა
700 _aკუჭუხიძე, ნუგზარ
_eმთარგმნელი
_925166
942 _2udc
_cᲬᲘᲒᲜᲘ